Koruna na maximách, NBS proti tomu bojuje

Prudké posilňovanie meny nie je v súlade s vývojom ekonomiky. Stratégia centrálnej banky.

Guardado en:
Detalles Bibliográficos
Autor principal: Kuruc, Radko
Formato: Capítulo de libro
Lenguaje:eslovaco
Materias:
Etiquetas: Agregar Etiqueta
Sin Etiquetas, Sea el primero en etiquetar este registro!

MARC

LEADER 00000naa$a2200000$$$4500
001 0058922
005 20231004125441.6
041 0 |a slo 
044 |a SK 
245 1 0 |a Koruna na maximách, NBS proti tomu bojuje  |c Radko Kuruc 
520 |a Prudké posilňovanie meny nie je v súlade s vývojom ekonomiky. Stratégia centrálnej banky. 
610 2 0 |a bankovníctvo 
610 2 0 |a politika menová 
610 2 0 |a koruna 
610 2 0 |a Slovensko 
610 2 0 |a banky centrálne 
100 1 |a Kuruc, Radko